|
|
|
|
| LEADER |
00000cam a2200000 a 4500 |
| 001 |
vtls001219573 |
| 003 |
SK-MaSNL |
| 005 |
20260301003016.0 |
| 008 |
960412s1996 xo grj 00000 slo |
| 035 |
|
|
|a SNK000163874
|
| 040 |
|
|
|a SNK
|b slo
|c SNK
|e AACR2
|
| 041 |
0 |
|
|a slo
|
| 043 |
|
|
|a e-gx---
|
| 044 |
|
|
|a xo
|c SK
|
| 072 |
|
7 |
|a 629
|x Dopravné prostriedky
|2 konspekt
|
| 080 |
|
|
|a 629.4
|2 2011
|
| 080 |
|
|
|a (088.83)
|2 2001
|
| 100 |
1 |
|
|a Lachmann, Klaus
|4 aut
|9 283695
|
| 245 |
1 |
0 |
|a Paralelné vedenie magnetov koľajnicovej magnetickej brzdovej jednotky, umiestnenej na koľajovom vozidle
|c Klaus Lachmann, Peter Trache
|
| 260 |
|
|
|a Banská Bystrica
|b Úrad priemyselného vlastníctva SR
|c 1996
|
| 300 |
|
|
|a 6 strán
|c 8°
|
| 650 |
0 |
7 |
|a koľajové vozidlá
|2 SNKPH
|9 67613
|
| 650 |
0 |
7 |
|a brzdenie
|2 SNKPH
|9 283696
|
| 655 |
|
7 |
|a patenty
|2 SNKPH
|9 177343
|
| 700 |
1 |
|
|a Trache, Peter
|4 aut
|9 283697
|
| 710 |
2 |
|
|a AEG Schienenfahrzeuge GmbH (Hennigsdorf, Nemecko)
|4 pth
|9 283698
|
| 999 |
|
|
|c 538552
|d 540482
|
| 952 |
|
|
|t P60, <03>, [BOOK], {603}
|a SNK
|b SNK
|y PREZ
|7 0
|o snkSK 278020
|i snkPS 100/96
|0 0
|1 0
|4 0
|d 1996-08-28
|l 0
|r 2005-01-01 00:00:00
|w 2026-02-23
|